00803nam a22002057a 4500999001900000005001700019010001500036020002600051035001400077037001300091082000600104245011200110260003500222270012400257300003300381700001800414700001800432942002000450952012700470 c191241d19124120220823152405.0 aENG-134549 a9789380009957c140.00 aEN-118081 bDBAD/PUB aS aThe Yellow FairybThe Witch and her servants and other storiesced. by Andrew Lang, illust by Sharwan kumar aNew DelhibMind Melodiesc2010 aA-18, Mohan Garden Near Nawada Metro StationbNew Delhie110059-06k01125371324l+91-11-25371323minfo@mindmelodies.com a202p.billustratedc22cm(hb) aLang Andrew  aSharwan Kumar 2ddccENhSmYEL 001040708FICaAVbAVd2022-08-23eDBAD/PUBg140.00l3oS YELpEN-118081r2024-04-02 00:00:00s2024-03-19t1v140.00yEN